| 000 | 00959nam a2200301Ia 4500 | ||
|---|---|---|---|
| 003 | OSt | ||
| 005 | 20221007123117.0 | ||
| 006 | a|||||r|||| 00| 0 | ||
| 007 | ta | ||
| 008 | 221006b |||||||| |||| 00| 0 eng d | ||
| 020 | _a9781482246346 (hbk) | ||
| 024 | _a200562 | ||
| 037 |
_b3822, 13/02/2019, The Book Seller _cTextual |
||
| 040 |
_aPAPL _cPAPL _beng |
||
| 041 |
_2eng _aeng |
||
| 082 | _aCN1, Q7 Carpa | ||
| 100 |
_aSerafini Alession _9716522 |
||
| 245 | 0 | _aQuantum continuous variables | |
| 260 |
_aBoca _bRaton CRC Press _c2017 |
||
| 300 |
_axviii, 349p. ill. _ccm. |
||
| 500 | _aAppendix A-E 311-335p.; References 337-342p.; Index 343-349p. | ||
| 650 |
_a Correlations _9716523 |
||
| 650 |
_a Gaussian operations _9716524 |
||
| 650 |
_a Phase space methods _9716525 |
||
| 650 | _aPhysics | ||
| 942 |
_hCN1, Q7 Carpa _cTEXL _2CC |
||
| 999 |
_c1211397 _d1211397 |
||